000 00602nam a2200193 i 4500
001 116657
003 ES-MaACL
005 20230906190738.0
007 t|
008 061121s1977 sp r ||||1| spa d
100 1 _aOtón Sobrino, Enrique.
_987934
245 1 0 _aLéxico de Valerio Máximo /
_cEnrique Otón Sobrino.
260 _aMadrid :
_bInstituto Antonio de Nebrija,
_c1977.
300 _a2 v. ;
_c24 cm.
505 8 _aContiene: 1. A-D - 2. E-M
600 1 4 _aValerio Máximo-
_xLenguaje-
_vDiccionarios.
_9169562
710 2 _aInstituto Antonio de Nebrija.
_94795
852 4 _aES-MaACL
_jP-1355
999 _c116657
_d116657